000 00292nam a22001337a 4500
008 210302b ||||| |||| 00| 0 eng d
020 _a0721671012
041 _aeng
080 _a521
100 _a42
101 _aAST
245 _aContemporary Astronomy
_cPasachoff,M.J
942 _2udc
_cBK
999 _c55484
_d55484